书目信息 |
| 题名: |
抗日战争时期一一五师暨山东部队卫生防病概况
|
|
| 作者: | ;解放军济南军区后勤部卫生部新中国预防医学历史经验编写组 编 | |
| 分册: | ||
| 出版信息: | 北京 人民军医出版社 1989.5 |
|
| 页数: | 99页 | |
| 开本: | 19厘米 | |
| 丛书名: | ||
| 单 册: | ||
| 中图分类: | E297.3 | |
| 科图分类: | ||
| 主题词: | 卫生勤务--抗日战争--山东--概况 | |
| 电子资源: | ||
| ISBN: | 978-7-80020-108-0 | |
| 000 | 00908nam0 2200217 450 | |
| 001 | 0100300157 | |
| 005 | 20020928000000.0 | |
| 010 | @a978-7-80020-108-0@dCNY4.00 | |
| 100 | @a19921105d1989 m y0chiy0110 ea | |
| 101 | 0 | @achi |
| 102 | @aCN@b110000 | |
| 105 | @ac z 000yy | |
| 106 | @ar | |
| 200 | 1 | @a抗日战争时期一一五师暨山东部队卫生防病概况@9Kang Ri Zhan Zheng Shi Qi;Ji Yi Yi Wu Shi Ji Shan Dong Bu Dui Wei Sheng Fang Bing Gai Kuang @f济南军区后勤部卫生部《新中国预防医学历史经验》编写组编@b专著 |
| 210 | @a北京@c人民军医出版社@d1989.5 | |
| 215 | @a99页@c照片@d19厘米 | |
| 606 | 0 | @a卫生勤务@x抗日战争@y山东@x概况 |
| 690 | @aE297.3@v三版 | |
| 711 | 02 | @a解放军济南军区后勤部卫生部新中国预防医学历史经验编写组@9jie fang jun ji nan jun qu hou qin bu wei sheng bu xin zhong guo yu fang yi xue li shi jing yan bian xie zu@4编 |
| 801 | 0 | @aCN@bAiZhiMarc@c19921105 |
| 905 | @aBZT@dE297.3@e9@f1@sE297.3/9 | |
| 抗日战争时期一一五师暨山东部队卫生防病概况/济南军区后勤部卫生部《新中国预防医学历史经验》编写组编.-北京:人民军医出版社,1989.5 |
| 99页:照片;19厘米 |
| ISBN 978-7-80020-108-0:CNY4.00 |
| ● |
| 相关链接 |
|
|
|
正题名:抗日战争时期一一五师暨山东部队卫生防病概况
索取号:E297.3/9
 
预约/预借
| 序号 | 登录号 | 条形码 | 馆藏地/架位号 | 状态 | 备注 |
| 1 | 2000089450 | 2000089450 | 旧书回溯/ [索取号:E297.3/9] | 在馆 |